| 000 | 00757nas a2200241 4500 | ||
|---|---|---|---|
| 001 | BR9101378 | ||
| 003 | BR-BrBNA | ||
| 005 | 20231205092002.0 | ||
| 007 | ta | ||
| 008 | 230509b bl.|||p| |||| 00| 00por d | ||
| 040 |
_aBR-BrBNA _bpor _cBiblioteca Nacional de Agricultura |
||
| 041 | _a(Pt) | ||
| 072 | _aQ04 | ||
| 100 | 1 | _aCarioca, J.O.B. | |
| 100 | 1 | _aAlmeida, F.A.G. | |
| 100 | 1 | _aArora, H.L. | |
| 245 | 1 | _aExtracao e hidrolise de inulina a partir da alcachofra de Jerusalem (Helianthus tuberosus L.) | |
| 650 | _aALCACHOFRA JERUSALEM | ||
| 650 | _aCOMPOSICAO DE ALIMENTO | ||
| 773 | 0 |
_tCiencia Agronomica (Brazil) _xISSN 0045-6888 _g(Jun 1988), v. 19(1) p. 61-66 _wBR9101378 |
|
| 909 |
_a202311 _bLúcia _c55 _dLúcia Elande |
||
| 942 |
_2AGRIS _n0 _cANA |
||
| 999 |
_c128538 _d128538 |
||